00617nam a2200169Ia 4500008004100000020001800041041000800059082001800067100003700085245009100122250000600213260003900219300001900258650003500277999001900312952011600331210716s2009 xx 000 0 und d a9788131714317 aeng a658.4038 LAUK aLaudon, Kenneth C;Laudon Jane P. aManagement information systems: managing the digital firm.bManaging the digital firm. a8 aNew DelhibPearson Educationc2009 axxxii,534/2004 aManagement Information Systems c202897d202897 00102ddc40738MBAaAIMITbAIMITd2008-12-01l0o658.4038 LAUKpMBA05463r2025-07-21 00:00:00w2021-07-16yBK